书目信息 |
| 题名: |
大功率可控硅元件
|
|
| 作者: | ;清华大学工业自动化系 编写 | |
| 分册: | ||
| 出版信息: | 北京 人民教育出版社 1976 |
|
| 页数: | 394页 | |
| 开本: | 20cm | |
| 丛书名: | ||
| 单 册: | ||
| 中图分类: | TN341 | |
| 科图分类: | ||
| 主题词: | 可控硅 | |
| 电子资源: | ||
| ISBN: | ||
| 000 | 00742nam0 2200229 45 | |
| 001 | 0176001068 | |
| 005 | 20060412150830.76 | |
| 010 | @dCNY1.30 | |
| 100 | @a19951012d1976 em y0chiy0121 ea | |
| 101 | 0 | @achi |
| 102 | @aCN@b110000 | |
| 105 | @aa z 000yy | |
| 200 | 10 | @a大功率可控硅元件@Ada gong lv ke kong gui yuan jian@e原理与设计@f清华大学工业自动化系等编写@Fqing hua da xue gong ye zi dong hua xi deng bian xie |
| 210 | @a北京@c人民教育出版社@d1976 | |
| 215 | @a394页@c图表@d20cm | |
| 300 | @a北京市技术交流站可控硅元件短训班 | |
| 606 | @a可控硅 | |
| 690 | @aTN341@v4 | |
| 711 | 0 | @a清华大学工业自动化系@Aqing hua da xue gong ye zi dong hua xi@4编写 |
| 801 | 2 | @aCN@bNLC@c20060412 |
| 801 | 0 | @aCN@bTSSF |
| 905 | @a10447@dTN341@e6 | |
| 大功率可控硅元件:原理与设计/清华大学工业自动化系等编写.-北京:人民教育出版社,1976 |
| 394页:图表;20cm |
| 北京市技术交流站可控硅元件短训班 |
| ISBN :CNY1.30 |
| ● |
| 相关链接 |
|
|
|
|
正题名:大功率可控硅元件
索取号:TN341/6
 
预约/预借
| 序号 | 登录号 | 条形码 | 馆藏地/架位号 | 状态 | 备注 |
| 1 | 0016727 | 202257002 | 密集书库/ [索取号:TN341/6] | 在馆 |